000 00338nam a2200133 4500
005 20260530115257.0
100 1 _aDavid E. Carter
245 1 0 _aThe Big Book of Logos
264 1 _bHearst Books International
_c1999
300 _a384 páginas
336 _atexto
_2rdacontent
337 _asin medio
_2rdamedia
338 _avolumen
_2rdacarrier
999 _c12635
_d12635